Normal view
MARC view
- Yadav, Mamta.
Entry Personal Name
001 - CONTROL NUMBER
- control field: 50223
003 - CONTROL NUMBER IDENTIFIER
- control field: OSt
005 - DATE AND TIME OF LATEST TRANSACTION
- control field: 20231128113548.0
008 - FIXED-LENGTH DATA ELEMENTS
- fixed length control field: 231128|| aca||aabn | a|a d
040 ## - CATALOGING SOURCE
- Original cataloging agency: OSt
- Transcribing agency: OSt
100 ## - HEADING--PERSONAL NAME
- Personal name: Yadav, Mamta.
670 ## - SOURCE DATA FOUND
- Source citation: Work cat.: (OSt): Yadav, Mamta., Introduction to sets, logic and algebra /, ©2023.
